Housing supply in Scotland (Record no. 109234)

MARC details
000 -LEADER
fixed length control field 01396cad a22002295a 4500
001 - CONTROL NUMBER
control field E146592
008 - FIXED-LENGTH DATA ELEMENTS--GENERAL INFORMATION
fixed length control field 090206s2009 xxk f s000 0 eng d
035 ## - SYSTEM CONTROL NUMBER
System control number (Sirsi) u146592
041 0# - LANGUAGE CODE
Language code of text/sound track or separate title eng
050 04 - LIBRARY OF CONGRESS CALL NUMBER
Classification number 306.1 $2 18
110 2# - MAIN ENTRY--CORPORATE NAME
Corporate name or jurisdiction name as entry element Housing Supply Task Force
9 (RLIN) 5695
245 00 - TITLE STATEMENT
Title Housing supply in Scotland
Remainder of title a review by the Housing Supply Task Force, 6 February 2009
Medium [electronic resource]
260 ## - PUBLICATION, DISTRIBUTION, ETC.
Place of publication, distribution, etc. [S.l.]
Name of publisher, distributor, etc. Housing Supply Task Force
Date of publication, distribution, etc. 2009
505 2# - FORMATTED CONTENTS NOTE
Formatted contents note Introduction to the Housing Supply Task Force -- Changing economic circumstances -- The work of the Task Force: geographic case studies, thematic studies -- Conclusions and recommendations -- Next steps
520 ## - SUMMARY, ETC.
Summary, etc. The Housing Supply Task Force was set up by the Scottish Government in June 2007 with the aim of identifying and addressing the problems with the supply of housing of all tenure types. This report sets out the activities of the Task Force since their establishment and outlines their recommendations for ensuring adequate supplies of housing in the future.
521 ## - TARGET AUDIENCE NOTE
Target audience note Advanced
590 ## - LOCAL NOTE (RLIN)
Local note KA
651 #4 - SUBJECT ADDED ENTRY--GEOGRAPHIC NAME
Geographic name Scotland
Chronological subdivision 1999-
690 ## - LOCAL SUBJECT ADDED ENTRY--TOPICAL TERM (OCLC, RLIN)
Topical term or geographic name as entry element PROPERTY-RESIDENTIAL PROPERTY-DOMESTIC RESIDENTIAL PROPERTY-HOUSING
856 40 - ELECTRONIC LOCATION AND ACCESS
Uniform Resource Identifier <a href="https://www.scotland.gov.uk/Topics/Built-Environment/Housing/supply-demand/housing-supply-task-force/HSTFreport">https://www.scotland.gov.uk/Topics/Built-Environment/Housing/supply-demand/housing-supply-task-force/HSTFreport</a>
Public note View the report free of charge at www.scotland.gov.uk...
942 ## - ADDED ENTRY ELEMENTS (KOHA)
Suppress in OPAC 0
Holdings
Withdrawn status Lost status Source of classification or shelving scheme Damaged status Not for loan Home library Current library Shelving location Date acquired Total Checkouts Full call number Barcode Date last seen Copy number Price effective from Koha item type
    Dewey Decimal Classification     Virtual Virtual Online 06/02/2009   ONLINE PUBLICATION 146592-2001 06/08/2019 1 06/08/2019 Book